Online
Catalog

Los héroes caídos hablan : (Record no. 7077)

MARC details
000 -CABECERA
campo de control de longitud fija 00814cam a2200205 a 4500
001 - NÚMERO DE CONTROL
campo de control 000007296
005 - FECHA Y HORA DE LA ÚLTIMA TRANSACCIÓN
campo de control 20200929154126.0
008 - DATOS DE LONGITUD FIJA--INFORMACIÓN GENERAL
campo de control de longitud fija 820722s1975 ru a 000 0 spa
040 ## - FUENTE DE LA CATALOGACIÓN
Centro catalogador/agencia de origen DO-SdBNP
Lengua de catalogación spa
Centro/agencia transcriptor DLC
Centro/agencia modificador DLC
-- BNPHU
082 ## - NÚMERO DE LA CLASIFICACIÓN DECIMAL DEWEY
Número de clasificación 947.084
Número de documento/Ítem H559h
049 ## - FONDOS LOCALES (OCLC)
Fondos de biblioteca BNGR
245 04 - MENCIÓN DE TÍTULO
Título Los héroes caídos hablan :
Resto del título cartas postumas de combatientes soviéticos contra los invasores fascistas alemanes, 1941-1945 /
Mención de responsabilidad, etc. traducción, Manuel Puente.
260 ## - PUBLICACIÓN, DISTRIBUCIÓN, ETC.
Lugar de publicación, distribución, etc. Moscú, (Rusia) :
Nombre del editor, distribuidor, etc. Progreso,
Fecha de publicación, distribución, etc. 1975.
300 ## - DESCRIPCIÓN FÍSICA
Extensión 246 p. :
Otras características físicas il. ;
Dimensiones 21 cm.
500 ## - NOTA GENERAL
Nota general Ayuda para trabajar este libro consultar a Wendy, Pochet, Marisela o Mara.
651 #4 - PUNTO DE ACCESO ADICIONAL DE MATERIA--NOMBRE GEOGRÁFICO
Nombre geográfico Unión Soviética
Subdivisión general Historia
9 (RLIN) 20259
651 #4 - PUNTO DE ACCESO ADICIONAL DE MATERIA--NOMBRE GEOGRÁFICO
Nombre geográfico Unión Soviética
Subdivisión general Política Y Gobierno
9 (RLIN) 20260
700 1# - PUNTO DE ACCESO ADICIONAL--NOMBRE DE PERSONA
Nombre de persona Puente, Manuel,
Término indicativo de función/relación tr.
9 (RLIN) 20261
910 ## - DATOS DE OPCIÓN DEL USUARIO (OCLC)
Datos de opción del usuario Catalogación por copia / LC
Holdings
Estado de retiro Estado de pérdida Restricciones de uso No para préstamo Código de colección Localización permanente Ubicación/localización actual Ubicación en estantería Fecha de adquisición Número de inventario Total de préstamos Signatura topográfica completa Código de barras Fecha visto por última vez Precio válido a partir de Tipo de ítem Koha
    Préstamo interno   Monografías: Libros y Folletos General General En catalogación 07.09.2009 LF1   947.084 H559h 7296-10 25.06.2020 25.06.2020 Préstamo interno

Powered by Koha